000 01350cam a22004093a 4500
001
003 DO-SdBPM
005 20250730093755.0
007 ta
008 8611121999 sp abc 000 0 spa d
010 _a
020 _a9972625206
040 _aDO-SdBPM
_cspa
_dBPMSU
_erda
_d
_bspa
082 4 _aR912
_bA881g 1999
_222
245 0 0 _aAtlas y geografía del mundo /
_cdirección editorial Sacremento Nieto ; ilustración Santiago Boix....[y otros]
250 _a
260 _aLeón, España :
_bEverest,
_c2002.
264 _aBarcelona, España :
_bLexus Editores,
_c1999
300 _a260 páginas :
_bilustraciones, mapa, retrato
_c29 cm.
336 _atexto
_btxt
_2rdacontent
337 _asin mediación
_bnc
_2rdamedia
338 _avolumen
_bnc
_2rdacarrier
500 _aIncluye índice toponímico.
590 _aInventariado, 2025/VM
590 _6Inventariado, 2025/VM
600 0 0 _a
_x
651 7 _aAmérica
_xGeografía
_vAtlas.
651 7 _aEuropa
_xGeografía
_vAtlas.
651 7 _aAsia
_xGeografía
_vAtlas.
651 7 _aÁfrica
_xGeografía
_vAtlas.
651 4 _aOceanía
_xGeografía
_vAtlas.
700 1 _aNieto, Sacramento
_edirección editorial
700 1 _aBoix, Santiago
_eilustración
710 2 _3Lexus Editorial
910 _aVMateo V. Control de calidad. BPMSU
942 _2ddc
_cBK
999 _c15290
_d15290